000
00303nam a2200133Ia 4500
005
20251222143215.0
008
251222s9999||||xx |||||||||||||| ||spa||
020
_a
2-7022-0352-3
082
_a
759.44/M28
100
_a
Jacobus, John
245
0
_a
Henri Matisse
264
_b
Cercle D'art
942
_c
LIB
999
_c
13613
_d
13613